Statistics for Famous People from History #1

Click here to take the quiz!

General Stats

  • This quiz has been taken 126 times
    (69 since last reset)
  • The average score is 11 of 15

Answer Stats

HintAnswer% Correct
Egyptian Queen married to Marc AnthonyCleopatra
95%
German Dictator in WW2Adolf Hitler
91%
Freed from prison after 26 yearsNelson Mandela
91%
First president of the United StatesGeorge Washington
89%
American President who freed the slavesAbraham Lincoln
88%
British Prime Minister during WW2Winston Churchill
88%
Exploror who started his voyage in 1492Christopher Columbus
84%
Indian Peace protestor who got shot by one of his 'followers'Mahatma Gandhi
73%
Tudor king, married 6 people and killed 2 of themHenry VIII
71%
Greek philsopher, founded the Academy in AthensPlato
68%
Conquered England in 1066 at the Batlle of HastingsWilliam the Conqueror
68%
Italian explorer credited with finding ChinaMarco Polo
66%
Macedonian NunMother Teresa
64%
Russian Dictator in WW2Josef Stalin
20%
Known as the 'Virgin Queen' in the TudorsMary I
7%

Score Distribution

Percentile by Number Answered

Percent of People with Each Score

Your Score History

You have not taken this quiz since the last reset